Zgadnij skocznie narciarską po nazwie. - Statystyki

Ogólne statystyki
  • Ten quiz został rozwiązany 51 razy
  • Średni wynik to 11 z 25
Statystyki odpowiedzi
Nazwa Miejscowość % Poprawnych
Wielka Krokiew Zakopane
100%
Holmenkollbakken Oslo
81%
Letalnica bratov Gorišek Planica
81%
Vikersundbakken Vikersund
81%
Okurayama Sapporo
76%
Bergisel Innsbruck
68%
Rukatunturi Ruka
62%
Schattenbergschanze Oberstdorf
59%
Skalite Szczyrk
59%
Čerťák Harrachov
54%
Olympiaschanze Garmisch-Partenkirchen
51%
im. Paula Ausserleitnera Bischofshofen
49%
Trambulină Valea Cărbunării Rasnov
46%
Lysgårdsbakken Lillehammer
41%
Vogtlandschanze Klingenthal
35%
Puijo Kuopio
35%
Gross-Titlis-Schanze Engelberg
32%
Kulm-Skiflugschanze Bad Mitterndorf
30%
MacKenzie Intervale Lake Placid
24%
Utah Olympic Park Park City
24%
Tremplin du Praz Courchevel
14%
Trampolino Olimpico Pragelato
14%
Gornyj Gigant Ałmaty
11%
Snieżynka Czajkowski
11%
Alpensia Jumping Park Pjongczang
11%
Nie znaleziono quizów pasujących do podanych kryteriów
Rozkład punktacji
Procent ludzi z każdym wynikiem
Percentyl według liczby udzielonych odpowiedzi
Twoja historia wyników
Nie rozwiązałeś tego quizu